000 00441nam a2200169Ia 4500
008 180921t2017 xxu||||| |||| 00| 1 sin d
041 _asin
080 _aX8C31
_bSIN
100 _aSinhabahu, Naditha
245 _aනෑර කැටුව ආවෙමි
246 _aNeera Ketuwa Awemi
260 _bFast Publishing
_aColombo
_c2017
300 _a100p., 21cm
942 _cBK
999 _c8078
_d8078
003 LK-CoDNM
040 _aLK-CoDNM
_dLK-CoDNM
_eLK-CoDNM